[Event "32. Balaton Festival 2014 - Open"]
[Site "Balatonboglár"]
[Date "2014.06.18"]
[Round "5.4"]
[White "Csala, Imre"]
[Black "Srebrnic, Vojko"]
[Result "1/2-1/2"]
[WhiteElo "2192"]
[BlackElo "2163"]
[PlyCount "35"]
[EventDate "2014.06.14"]
[EventType "swiss"]
[EventRounds "9"]
[EventCountry "HUN"]
[Source "lmi"]
[SourceDate "2014.06.14"]

1. d4 Nf6 2. Nf3 e6 3. e3 b6 4. Be2 Bb7 5. O-O Be7 6. b3 O-O 7. Bb2 c5 8. c4
cxd4 9. Nxd4 d6 10. Bf3 Qd7 11. Nc3 Nc6 12. Re1 Rfd8 13. h3 Nxd4 14. Bxb7 Qxb7
15. Qxd4 Ne8 16. Qe4 Qxe4 17. Nxe4 Nc7 18. Ba3 1/2-1/2

[Event "32. Balaton Festival 2014 - Open"]
[Site "Balatonboglár"]
[Date "2014.06.18"]
[Round "5.5"]
[White "Pozsonyi, Istvan"]
[Black "Borsos, Bogdan"]
[Result "1/2-1/2"]
[WhiteElo "2016"]
[BlackElo "2204"]
[PlyCount "101"]
[EventDate "2014.06.14"]
[EventType "swiss"]
[EventRounds "9"]
[EventCountry "HUN"]
[Source "lmi"]
[SourceDate "2014.06.14"]

1. c4 e6 2. Nc3 d5 3. cxd5 exd5 4. d4 c5 5. Nf3 Nc6 6. g3 Nf6 7. Bg2 Be7 8. O-O
O-O 9. Bg5 c4 10. Ne5 Be6 11. f4 Ng4 12. Bxe7 Qxe7 13. f5 Ne3 14. Qd2 Nxf5 15.
Nxd5 Qd8 16. e4 Nfxd4 17. Nxc4 Rc8 18. Rad1 Re8 19. Nce3 Qg5 20. b4 Rcd8 21.
Qf2 Rd7 22. a4 b5 23. axb5 Nxb5 24. Qb2 Qe5 25. Qxe5 Nxe5 26. Rf2 h5 27. Rfd2
Red8 28. Rc2 Kf8 29. Rc5 Rb8 30. Rdc1 Nd4 31. Rc8+ Rd8 32. Rxd8+ Rxd8 33. Rc7
Rc8 34. Rxa7 Rc1+ 35. Bf1 g6 36. Kg2 Rb1 37. Ra2 Ng4 38. Nxg4 hxg4 39. Be2 Kg7
40. Rd2 Nxe2 41. Rxe2 Bxd5 42. exd5 Rxb4 43. Rd2 Kf8 44. d6 Ke8 45. d7+ Kd8 46.
Kf2 Re4 47. Rd3 Re7 48. Rd4 Rxd7 49. Rxg4 Rd2+ 50. Kg1 Ke7 51. Rf4 1/2-1/2

[Event "32. Balaton Festival 2014 - Open"]
[Site "Balatonboglár"]
[Date "2014.06.19"]
[Round "6.1"]
[White "Aczel, Gergely"]
[Black "Babits, Andras"]
[Result "1-0"]
[WhiteElo "2464"]
[BlackElo "2082"]
[PlyCount "77"]
[EventDate "2014.06.14"]
[EventType "swiss"]
[EventRounds "9"]
[EventCountry "HUN"]
[Source "lmi"]
[SourceDate "2014.06.14"]

1. d4 d6 2. e4 Nf6 3. f3 Nbd7 4. c4 c6 5. Nc3 e5 6. Nge2 Be7 7. Be3 a6 8. d5
cxd5 9. cxd5 b5 10. Nc1 O-O 11. Nd3 Ne8 12. Qd2 Nb6 13. Nb4 Bd7 14. Rc1 Nc4 15.
Bxc4 bxc4 16. Nc6 Bxc6 17. dxc6 Rc8 18. Qd5 Bg5 19. Bxg5 Qxg5 20. O-O Qe3+ 21.
Kh1 Qb6 22. Qxc4 Rxc6 23. Nd5 Rxc4 24. Nxb6 Rxc1 25. Rxc1 Nf6 26. Rc6 Rb8 27.
Rxd6 Kf8 28. Nc4 a5 29. g4 a4 30. Ra6 Rb4 31. Nxe5 Rxb2 32. Rxa4 Ne8 33. Kg1 f6
34. Nd3 Rd2 35. Nf4 g5 36. Nd5 Kg7 37. Ra7+ Kh6 38. Ne7 Nd6 39. Rd7 1-0

[Event "32. Balaton Festival 2014 - Open"]
[Site "Balatonboglár"]
[Date "2014.06.19"]
[Round "6.2"]
[White "Kincs, Imre"]
[Black "Farago, Ivan"]
[Result "0-1"]
[WhiteElo "2100"]
[BlackElo "2441"]
[PlyCount "48"]
[EventDate "2014.06.14"]
[EventType "swiss"]
[EventRounds "9"]
[EventCountry "HUN"]
[Source "lmi"]
[SourceDate "2014.06.14"]

1. d4 Nf6 2. c4 e6 3. Nf3 b6 4. Nc3 Bb7 5. Bg5 h6 6. Bh4 g5 7. Bg3 Nh5 8. e4
Nxg3 9. hxg3 Bg7 10. Bd3 g4 11. Nd2 h5 12. Nb3 Nc6 13. Bc2 Qg5 14. a4 h4 15.
Nb5 O-O-O 16. gxh4 Rxh4 17. Rxh4 Qxh4 18. d5 a6 19. dxc6 dxc6 20. N5d4 c5 21.
Qd3 Bxd4 22. O-O-O Bxb2+ 23. Kxb2 Rxd3 24. Bxd3 Qxf2+ 0-1

[Event "32. Balaton Festival 2014 - Open"]
[Site "Balatonboglár"]
[Date "2014.06.19"]
[Round "6.3"]
[White "Srebrnic, Vojko"]
[Black "Nagy, Ervin Dr"]
[Result "1/2-1/2"]
[WhiteElo "2163"]
[BlackElo "2248"]
[PlyCount "64"]
[EventDate "2014.06.14"]
[EventType "swiss"]
[EventRounds "9"]
[EventCountry "HUN"]
[Source "lmi"]
[SourceDate "2014.06.14"]

1. e4 c5 2. Nc3 Nc6 3. f4 g6 4. Nf3 Bg7 5. Bb5 Nd4 6. O-O Nxb5 7. Nxb5 d6 8. d3
Nf6 9. Qe1 O-O 10. Nc3 Bg4 11. h3 Bxf3 12. Rxf3 Nd7 13. f5 e6 14. Bd2 Ne5 15.
Rf1 Re8 16. fxe6 fxe6 17. Be3 Qd7 18. Qd2 Rf8 19. Bh6 Nc6 20. Bxg7 Qxg7 21.
Rae1 Qd4+ 22. Kh1 Qe5 23. Nd1 Rxf1+ 24. Rxf1 Rf8 25. Rxf8+ Kxf8 26. c3 Kg7 27.
Ne3 h5 28. Kg1 Qf6 29. Nc2 Ne5 30. Ne1 d5 31. exd5 exd5 32. Qf2 Qxf2+ 1/2-1/2

[Event "32. Balaton Festival 2014 - Open"]
[Site "Balatonboglár"]
[Date "2014.06.19"]
[Round "6.4"]
[White "Pozsonyi, Istvan"]
[Black "Csala, Imre"]
[Result "0-1"]
[WhiteElo "2016"]
[BlackElo "2192"]
[PlyCount "93"]
[EventDate "2014.06.14"]
[EventType "swiss"]
[EventRounds "9"]
[EventCountry "HUN"]
[Source "lmi"]
[SourceDate "2014.06.14"]

1. c4 Nf6 2. g3 c5 3. Bg2 d5 4. cxd5 Nxd5 5. Nf3 Nc7 6. O-O Nc6 7. Nc3 e5 8. d3
Be7 9. Be3 Bd7 10. Qd2 Rc8 11. Rfc1 O-O 12. Qd1 b6 13. Rab1 Kh8 14. a3 f6 15.
Bd2 Be8 16. Na4 Nb5 17. Be1 Qd7 18. Nc3 Nbd4 19. Nxd4 exd4 20. Ne4 f5 21. Nd2
Bh5 22. Nf3 a5 23. b4 cxb4 24. axb4 Bxb4 25. Rxc6 Qxc6 26. Nxd4 Qh6 27. Bxb4
axb4 28. Qb3 Rc1+ 29. Rxc1 Qxc1+ 30. Bf1 Qc3 31. Qd5 Qc5 32. Qd7 Be8 33. Qd8
Bb5 34. Qh4 Bd7 35. Bh3 f4 36. Nb3 Qd5 37. Qe7 Rb8 38. Bxd7 Qxb3 39. gxf4 Qc3
40. Kg2 b3 41. Qd6 Rd8 42. Qxb6 Qf6 43. Be6 b2 44. f5 Qd4 45. Qb5 h5 46. e3
Qg4+ 47. Kf1 0-1

[Event "32. Balaton Festival 2014 - Open"]
[Site "Balatonboglár"]
[Date "2014.06.19"]
[Round "6.5"]
[White "Pirisi, Gabor"]
[Black "Bodrogi, Mihaly"]
[Result "1-0"]
[WhiteElo "2246"]
[BlackElo "2076"]
[PlyCount "65"]
[EventDate "2014.06.14"]
[EventType "swiss"]
[EventRounds "9"]
[EventCountry "HUN"]
[Source "lmi"]
[SourceDate "2014.06.14"]

1. c4 e5 2. Nc3 g6 3. Nf3 Bg7 4. d4 exd4 5. Nxd4 Nc6 6. Nxc6 bxc6 7. Be3 Qh4 8.
Qd3 Ba6 9. Rd1 Qg4 10. Bd4 Nf6 11. f3 Qe6 12. e4 d6 13. b4 O-O 14. Be2 Rfe8 15.
O-O Nd7 16. Bxg7 Kxg7 17. Qd4+ Qe5 18. c5 Bxe2 19. Nxe2 d5 20. exd5 cxd5 21.
Qxe5+ Rxe5 22. Nd4 Nf6 23. Rd3 Ree8 24. Ra3 a6 25. Kf2 Nd7 26. Re1 Kf8 27.
Rxe8+ Kxe8 28. Re3+ Kf8 29. Nc6 Re8 30. Rxe8+ Kxe8 31. Ke3 Nf6 32. Kd4 Kd7 33.
Nb8+ 1-0

[Event "32. Balaton Festival 2014 - Open"]
[Site "Balatonboglár"]
[Date "2014.06.20"]
[Round "7.1"]
[White "Srebrnic, Vojko"]
[Black "Aczel, Gergely"]
[Result "0-1"]
[WhiteElo "2163"]
[BlackElo "2464"]
[PlyCount "170"]
[EventDate "2014.06.14"]
[EventType "swiss"]
[EventRounds "9"]
[EventCountry "HUN"]
[Source "lmi"]
[SourceDate "2014.06.14"]

1. e4 c5 2. f4 e6 3. Nf3 Nc6 4. Bb5 Nge7 5. O-O a6 6. Be2 b5 7. d3 d5 8. Be3 d4
9. Bc1 g6 10. Nbd2 Bb7 11. e5 Nd5 12. Ne4 Be7 13. Nfg5 h6 14. Nh3 Qb6 15. Nhf2
O-O-O 16. a4 Ne3 17. Bxe3 dxe3 18. Ng4 Nd4 19. Nd6+ Bxd6 20. exd6 Rxd6 21. c3
Nf5 22. axb5 axb5 23. Bf3 Rhd8 24. Bxb7+ Qxb7 25. Ne5 f6 26. Nf3 Rxd3 27. Qb3
c4 28. Qa3 Kb8 29. Rfe1 g5 30. fxg5 hxg5 31. Qa5 R8d5 32. Qb4 Nd6 33. Qa5 Nc8
34. Qb4 g4 35. Nh4 Rd2 36. Qf8 Rf5 37. Qg8 Qe4 38. Qe8 Rxb2 39. Ra5 Rc5 40. Qf8
Rb1 41. Ra1 Rxa1 42. Rxa1 e2 43. Kf2 Re5 44. Ke1 Qe3 45. Ra8+ Kxa8 46. Qxc8+
Ka7 47. Qc7+ Ka6 48. Qc8+ Kb6 49. Qb8+ Kc6 50. Qc8+ Kd5 51. Qb7+ Kd6 52. Qb8+
Kd7 53. Qb7+ Ke8 54. Qc8+ Kf7 55. Qd7+ Kg8 56. Qe8+ Kg7 57. Qg6+ Kf8 58. Qxf6+
Ke8 59. Qg6+ Kd8 60. Qf6+ Kc7 61. Qe7+ Kc6 62. Qe8+ Kb6 63. Qb8+ Kc5 64. Qc7+
Kd5 65. Qb7+ Kd6 66. Qb8+ Kd7 67. Qb7+ Ke8 68. Qc8+ Kf7 69. Qd7+ Kf6 70. Qd8+
Kg7 71. Qe7+ Kh6 72. Qf6+ Kh5 73. Qh8+ Kg5 74. Qd8+ Kf4 75. Ng6+ Ke4 76. Nxe5
Qxc3+ 77. Kxe2 Qxe5 78. Qh4 Kd4+ 79. Kd1 Qf5 80. Qd8+ Qd5 81. Qb6+ Kc3+ 82. Ke1
Qe4+ 83. Kf1 b4 84. Qa5 Kb3 85. Qa1 c3 0-1

[Event "32. Balaton Festival 2014 - Open"]
[Site "Balatonboglár"]
[Date "2014.06.20"]
[Round "7.2"]
[White "Farago, Ivan"]
[Black "Csala, Imre"]
[Result "1-0"]
[WhiteElo "2441"]
[BlackElo "2192"]
[PlyCount "29"]
[EventDate "2014.06.14"]
[EventType "swiss"]
[EventRounds "9"]
[EventCountry "HUN"]
[Source "lmi"]
[SourceDate "2014.06.14"]

1. d4 d6 2. Nf3 Bg4 3. e4 Nd7 4. h3 Bh5 5. Nc3 e5 6. Be3 Ngf6 7. Bd3 c6 8. g4
Bg6 9. a3 b5 10. g5 Ng8 11. d5 cxd5 12. Nxd5 Ne7 13. Nc3 a6 14. Be2 Nb6 15.
Nxe5 1-0

[Event "32. Balaton Festival 2014 - Open"]
[Site "Balatonboglár"]
[Date "2014.06.20"]
[Round "7.3"]
[White "Nagy, Ervin Dr"]
[Black "Grabow, Pouelsten Holm"]
[Result "0-1"]
[WhiteElo "2248"]
[BlackElo "2147"]
[PlyCount "114"]
[EventDate "2014.06.14"]
[EventType "swiss"]
[EventRounds "9"]
[EventCountry "HUN"]
[Source "lmi"]
[SourceDate "2014.06.14"]

1. e4 e6 2. f4 d5 3. e5 c5 4. Nf3 Nc6 5. c3 Bd7 6. Na3 Rc8 7. Nc2 Qb6 8. d4
cxd4 9. cxd4 Bb4+ 10. Kf2 Nh6 11. Bd3 Be7 12. Rf1 Nb4 13. Nxb4 Bxb4 14. Qe2 Nf5
15. Be3 g6 16. Rfc1 O-O 17. Kg1 Nxe3 18. Qxe3 Bb5 19. Bxb5 Qxb5 20. Qb3 Qb6 21.
a3 Bc5 22. Qc3 Be7 23. Qxc8 Rxc8 24. Rxc8+ Kg7 25. Rc2 Qb3 26. Re2 Bd8 27. Rc1
Bb6 28. Rcc2 h6 29. Kf2 g5 30. fxg5 hxg5 31. h3 Qd3 32. Rcd2 Qf5 33. Re3 Qf4
34. Rdd3 Kf8 35. g3 Qf5 36. Kg2 g4 37. hxg4 Qxg4 38. Re1 Qg6 39. Rd2 Qg4 40.
Rh1 Qe4 41. Rh4 Qe3 42. Rf4 Ke8 43. Rf2 Bd8 44. Nh2 Bg5 45. Ng4 Bxf4 46. Nxe3
Bxe3 47. Re2 Bxd4 48. Kf3 Ke7 49. Kg4 f6 50. exf6+ Kxf6 51. Kh5 e5 52. g4 e4
53. Kh6 e3 54. g5+ Ke5 55. g6 Ke4 56. Rh2 Kd3 57. Rh3 Bxb2 0-1

[Event "32. Balaton Festival 2014 - Open"]
[Site "Balatonboglár"]
[Date "2014.06.20"]
[Round "7.4"]
[White "Babits, Andras"]
[Black "Pirisi, Gabor"]
[Result "0-1"]
[WhiteElo "2082"]
[BlackElo "2246"]
[PlyCount "62"]
[EventDate "2014.06.14"]
[EventType "swiss"]
[EventRounds "9"]
[EventCountry "HUN"]
[Source "lmi"]
[SourceDate "2014.06.14"]

1. e4 g6 2. b3 Bg7 3. Nc3 d6 4. Bb2 Nf6 5. f3 O-O 6. d4 a6 7. Bd3 Nc6 8. Nge2
Nb4 9. O-O c5 10. a3 Nxd3 11. Qxd3 cxd4 12. Nxd4 Bd7 13. Rad1 Rc8 14. a4 Qa5
15. Kh1 Rfd8 16. Nb1 e5 17. Bc3 Rxc3 18. Nxc3 exd4 19. Ne2 Re8 20. Nxd4 d5 21.
Ne2 dxe4 22. fxe4 Bc6 23. Ng3 Nxe4 24. Qc4 Nxg3+ 25. hxg3 Qc7 26. Kh2 Be5 27.
Rd3 Kg7 28. Rfd1 h5 29. Qh4 Be4 30. R3d2 Bf5 31. Qg5 h4 0-1

[Event "32. Balaton Festival 2014 - Open"]
[Site "Balatonboglár"]
[Date "2014.06.20"]
[Round "7.5"]
[White "Gaal, Alexander"]
[Black "Borsos, Bogdan"]
[Result "0-1"]
[WhiteElo "1980"]
[BlackElo "2204"]
[PlyCount "154"]
[EventDate "2014.06.14"]
[EventType "swiss"]
[EventRounds "9"]
[EventCountry "HUN"]
[Source "lmi"]
[SourceDate "2014.06.14"]

1. e4 e5 2. Nf3 Nc6 3. Bc4 Bc5 4. O-O Nf6 5. d4 Nxd4 6. Nxe5 O-O 7. Be3 d5 8.
exd5 b5 9. Bxd4 Bxd4 10. Qxd4 bxc4 11. Nc3 Ba6 12. Rfd1 Qb8 13. Na4 Bb5 14. Nc6
Bxc6 15. dxc6 Qb5 16. Nc5 Rfe8 17. Nd7 Qxc6 18. Nxf6+ Qxf6 19. Qxf6 gxf6 20.
Rd4 c3 21. bxc3 Rab8 22. Kf1 Rb2 23. Rd2 Re4 24. a4 a5 25. f3 Re3 26. Ra3 f5
27. Kf2 Re6 28. Kg3 Kg7 29. Kf4 Kg6 30. g3 Rc6 31. h4 Rc4+ 32. Ke3 Rc6 33. Kf4
Rc5 34. Ke3 Rc6 35. Rg2 Rb8 36. Rd2 Rb2 37. Rg2 Rd6 38. Rh2 Rb8 39. Re2 Rbd8
40. Rb3 Rc6 41. Kf2 Rc4 42. Ra3 Rd6 43. f4 Re6 44. Rxe6+ fxe6 45. Ke3 Kh5 46.
Kf3 h6 47. Kg2 Kg4 48. Kf2 Re4 49. Ra1 Rc4 50. Ra3 Rc5 51. Rb3 Rc6 52. Ra3 Rd6
53. Ke3 Kxg3 54. Ra1 Rc6 55. Rg1+ Kxh4 56. Rh1+ Kg4 57. Rxh6 Rxc3+ 58. Kd4 Rxc2
59. Rxe6 Ra2 60. Rc6 Rxa4+ 61. Ke5 Re4+ 62. Kf6 Rxf4 63. Rxc7 a4 64. Ra7 Re4
65. Rg7+ Kf4 66. Rh7 a3 67. Ra7 Rb4 68. Rxa3 Rb6+ 69. Ke7 Kg4 70. Ra8 f4 71.
Rg8+ Kf3 72. Kd7 Kf2 73. Kc7 Rf6 74. Ra8 f3 75. Rg8 Ke3 76. Re8+ Kf4 77. Re1 f2
0-1

[Event "32. Balaton Festival 2014 - Open"]
[Site "Balatonboglár"]
[Date "2014.06.20"]
[Round "7.12"]
[White "Rabovszky, Gyorgy"]
[Black "Metaxasz, Vaszilisz"]
[Result "0-1"]
[WhiteElo "1901"]
[BlackElo "2068"]
[PlyCount "64"]
[EventDate "2014.06.14"]
[EventType "swiss"]
[EventRounds "9"]
[EventCountry "HUN"]
[Source "lmi"]
[SourceDate "2014.06.14"]

1. e4 c5 2. Nc3 Nc6 3. f4 g6 4. Bc4 Bg7 5. Nf3 e6 6. f5 Nge7 7. fxe6 fxe6 8.
O-O O-O 9. d3 h6 10. Be3 d5 11. exd5 exd5 12. Bb3 b6 13. Ne2 Nf5 14. Qc1 Re8
15. Nf4 Nxe3 16. Re1 g5 17. Rxe3 Rxe3 18. Bxd5+ Kh8 19. Qxe3 gxf4 20. Qe4 Bf5
21. Qxf5 Ne7 22. Ne5 Nxf5 23. Nf7+ Kh7 24. Nxd8 Rxd8 25. Be4 Kg6 26. Rf1 Kg5
27. g3 Bd4+ 28. Kh1 Be3 29. h4+ Kg4 30. Bxf5+ Kxf5 31. gxf4 Rg8 32. Rf3 Bxf4
0-1

[Event "32. Balaton Festival 2014 - Open"]
[Site "Balatonboglár"]
[Date "2014.06.21"]
[Round "8.1"]
[White "Aczel, Gergely"]
[Black "Pirisi, Gabor"]
[Result "1-0"]
[WhiteElo "2464"]
[BlackElo "2246"]
[PlyCount "91"]
[EventDate "2014.06.14"]
[EventType "swiss"]
[EventRounds "9"]
[EventCountry "HUN"]
[Source "lmi"]
[SourceDate "2014.06.14"]

1. d4 Nf6 2. c4 g6 3. Nc3 Bg7 4. e4 d6 5. f3 O-O 6. Be3 e5 7. Nge2 a6 8. Qd2 c6
9. dxe5 dxe5 10. Qxd8 Rxd8 11. Na4 Nfd7 12. O-O-O Re8 13. c5 a5 14. Kb1 Na6 15.
Nc1 Bf6 16. Nb3 Bd8 17. Bxa6 Rxa6 18. Nd2 b5 19. cxb6 Nxb6 20. Nxb6 Bxb6 21.
Bxb6 Rxb6 22. Nc4 Ra6 23. Nd6 Rd8 24. Nxc8 Rxc8 25. Rd7 Rb8 26. Rc1 Rab6 27.
Rc2 f5 28. exf5 gxf5 29. Re7 Rd8 30. Re2 Rd1+ 31. Kc2 Ra1 32. R7xe5 Rxa2 33.
Kb1 Ra4 34. Rxf5 Kg7 35. Rc5 Rh4 36. g3 Ra4 37. f4 Ra3 38. Rec2 Rab3 39. Rxa5
Rf3 40. Ra7+ Kg6 41. Rc7 Kf5 42. R7xc6 Rxc6 43. Rxc6 h5 44. Rc5+ Kg6 45. Rg5+
Kh6 46. h4 1-0

[Event "32. Balaton Festival 2014 - Open"]
[Site "Balatonboglár"]
[Date "2014.06.21"]
[Round "8.2"]
[White "Borsos, Bogdan"]
[Black "Farago, Ivan"]
[Result "0-1"]
[WhiteElo "2204"]
[BlackElo "2441"]
[PlyCount "82"]
[EventDate "2014.06.14"]
[EventType "swiss"]
[EventRounds "9"]
[EventCountry "HUN"]
[Source "lmi"]
[SourceDate "2014.06.14"]

1. e4 c5 2. Nf3 e6 3. d3 Nc6 4. g3 d5 5. Nbd2 Bd6 6. Bg2 Nge7 7. O-O O-O 8. Re1
Qc7 9. Nf1 d4 10. h4 e5 11. c3 Bd7 12. h5 b5 13. cxd4 cxd4 14. h6 g6 15. N1h2
Nb4 16. Bg5 f6 17. Rc1 Qb6 18. a3 Na6 19. Bd2 b4 20. Qb3+ Kh8 21. axb4 Bxb4 22.
Bxb4 Be6 23. Qa3 Nxb4 24. Nd2 Ng8 25. Nc4 Qb8 26. f4 Nxh6 27. fxe5 fxe5 28.
Nxe5 Qxe5 29. Qxb4 Rab8 30. Qd2 Qxg3 31. Rf1 Bh3 32. Rxf8+ Rxf8 33. Rf1 Rxf1+
34. Nxf1 Qxg2+ 35. Qxg2 Bxg2 36. Kxg2 Ng4 37. Kf3 Ne5+ 38. Ke2 Kg7 39. b4 a6
40. Nd2 Nc6 41. Nb3 Kf6 0-1

[Event "32. Balaton Festival 2014 - Open"]
[Site "Balatonboglár"]
[Date "2014.06.21"]
[Round "8.3"]
[White "Grabow, Pouelsten Holm"]
[Black "Kincs, Imre"]
[Result "1/2-1/2"]
[WhiteElo "2147"]
[BlackElo "2100"]
[PlyCount "25"]
[EventDate "2014.06.14"]
[EventType "swiss"]
[EventRounds "9"]
[EventCountry "HUN"]
[Source "lmi"]
[SourceDate "2014.06.14"]

1. d4 d5 2. c4 e6 3. e3 Nf6 4. Nf3 Bb4+ 5. Bd2 a5 6. Nc3 O-O 7. Qc2 b6 8. cxd5
exd5 9. a3 Bxc3 10. Bxc3 Ne4 11. Bd3 f5 12. O-O Nd7 13. b4 1/2-1/2

[Event "32. Balaton Festival 2014 - Open"]
[Site "Balatonboglár"]
[Date "2014.06.21"]
[Round "8.4"]
[White "Csala, Imre"]
[Black "Nemeth, Andras"]
[Result "1-0"]
[WhiteElo "2192"]
[BlackElo "2043"]
[PlyCount "57"]
[EventDate "2014.06.14"]
[EventType "swiss"]
[EventRounds "9"]
[EventCountry "HUN"]
[Source "lmi"]
[SourceDate "2014.06.14"]

1. d4 Nf6 2. Nf3 e6 3. Bg5 d5 4. e3 c5 5. c3 Nbd7 6. Nbd2 Bd6 7. Bd3 e5 8. dxe5
Nxe5 9. Nxe5 Bxe5 10. Nf3 Bc7 11. Bb5+ Kf8 12. Bxf6 gxf6 13. Qc2 Bg4 14. Be2
Qe7 15. O-O-O Be6 16. Rhe1 f5 17. c4 dxc4 18. Bxc4 Rg8 19. e4 Rg4 20. Bxe6 Qxe6
21. Qxc5+ Kg7 22. Kb1 Bb6 23. Qc3+ Kg8 24. exf5 Qxf5+ 25. Ka1 Bxf2 26. Re5 Qg6
27. Red5 Qb6 28. Rd6 Rd4 29. R1xd4 1-0

[Event "32. Balaton Festival 2014 - Open"]
[Site "Balatonboglár"]
[Date "2014.06.21"]
[Round "8.5"]
[White "Szabo, Zsolt"]
[Black "Pozsonyi, Istvan"]
[Result "1/2-1/2"]
[WhiteElo "2303"]
[BlackElo "2016"]
[PlyCount "135"]
[EventDate "2014.06.14"]
[EventType "swiss"]
[EventRounds "9"]
[EventCountry "HUN"]
[Source "lmi"]
[SourceDate "2014.06.14"]

1. d4 Nf6 2. c4 d6 3. Nf3 Nbd7 4. Nc3 e5 5. Bg5 Be7 6. e3 O-O 7. Qc2 Re8 8. Be2
c6 9. O-O Qc7 10. Rfd1 Nf8 11. h3 Be6 12. Bh4 g6 13. Bg3 Nh5 14. Bh2 f6 15. b4
Nd7 16. c5 d5 17. dxe5 fxe5 18. e4 dxe4 19. Nxe4 Nf4 20. Bc4 Nf8 21. Nd6 Bxd6
22. Rxd6 Bxc4 23. Qxc4+ Qf7 24. Qxf7+ Kxf7 25. Re1 Nd5 26. Nxe5+ Kg8 27. b5 Nc3
28. bxc6 bxc6 29. Rxc6 Nxa2 30. Rb1 Re7 31. Ra6 Nc3 32. Rb3 Ne4 33. Ra5 Rd8 34.
Rd3 Rb8 35. g4 Rb2 36. Rf3 Ne6 37. c6 N6g5 38. Rd3 Nxf2 39. Rd8+ Kg7 40. Rd7
Nfxh3+ 41. Kf1 Kf6 42. Raxa7 Rf2+ 43. Ke1 Nf3+ 44. Kd1 Nxe5 45. Rxe7 Nxc6 46.
Rf7+ Kg5 47. Bg3 Nxa7 48. Bxf2 Nxf2+ 49. Rxf2 Nc6 50. Rf7 h6 51. Rc7 Ne5 52.
Rc5 Kf4 53. g5 h5 54. Ke2 Nf3 55. Kf1 Nxg5 56. Rc6 Kf5 57. Rc5+ Kf6 58. Rc6+
Ne6 59. Kg2 Kf5 60. Ra6 g5 61. Ra5+ Kg4 62. Re5 Nf4+ 63. Kh2 h4 64. Ra5 h3 65.
Rb5 Kh4 66. Rb4 Kg4 67. Rb5 Nd3 68. Ra5 1/2-1/2

[Event "32. Balaton Festival 2014 - Open"]
[Site "Balatonboglár"]
[Date "2014.06.21"]
[Round "8.6"]
[White "Metaxasz, Vaszilisz"]
[Black "Nagy, Ervin Dr"]
[Result "1/2-1/2"]
[WhiteElo "2068"]
[BlackElo "2248"]
[PlyCount "55"]
[EventDate "2014.06.14"]
[EventType "swiss"]
[EventRounds "9"]
[EventCountry "HUN"]
[Source "lmi"]
[SourceDate "2014.06.14"]

1. d4 Nf6 2. Nf3 c5 3. e3 b6 4. c4 e6 5. Nc3 Be7 6. Be2 O-O 7. O-O d6 8. b3 Bb7
9. Bb2 Nbd7 10. Qc2 Rc8 11. Rad1 Qc7 12. d5 exd5 13. cxd5 a6 14. a4 Rfe8 15.
Bc4 Qb8 16. h3 Bf8 17. Rfe1 Re7 18. e4 Rce8 19. Re2 Nh5 20. Bc1 g6 21. Rde1 f6
22. g4 Ng7 23. Bf4 Rf7 24. Bg3 Kh8 25. Qd3 Qa8 26. Qd2 Be7 27. Nh2 g5 28. f4
1/2-1/2

[Event "32. Balaton Festival 2014 - Open"]
[Site "Balatonboglár"]
[Date "2014.06.21"]
[Round "8.7"]
[White "Gaal, Alexander"]
[Black "Balint, Vilmos"]
[Result "0-1"]
[WhiteElo "1980"]
[BlackElo "2211"]
[PlyCount "70"]
[EventDate "2014.06.14"]
[EventType "swiss"]
[EventRounds "9"]
[EventCountry "HUN"]
[Source "lmi"]
[SourceDate "2014.06.14"]

1. e4 e5 2. Nf3 Nc6 3. Bc4 Nf6 4. d4 exd4 5. O-O Nxe4 6. Re1 d5 7. Bxd5 Qxd5 8.
Nc3 Qa5 9. Nxe4 Be6 10. Bd2 Bb4 11. c3 dxc3 12. bxc3 Be7 13. Neg5 O-O-O 14.
Nxe6 fxe6 15. Rxe6 Bf6 16. Qc2 Rxd2 17. Nxd2 Qxc3 18. Rc1 Qxc2 19. Rxc2 Nd4 20.
Rxf6 Nxc2 21. Rf7 Rd8 22. Nf1 Nd4 23. f4 c5 24. Rxg7 c4 25. Rxh7 c3 26. Ne3
Ne2+ 27. Kf2 Nxf4 28. Rf7 Rd2+ 29. Kf3 Nxg2 30. Rf8+ Kc7 31. Rf7+ Kc6 32. Nxg2
c2 33. Rf8 Kd7 34. Rf7+ Kc8 35. Rf8+ Rd8 0-1

[Event "32. Balaton Festival 2014 - Open"]
[Site "Balatonboglár"]
[Date "2014.06.21"]
[Round "8.8"]
[White "Toth, Sarolta"]
[Black "Kozma, Edit"]
[Result "1/2-1/2"]
[WhiteElo "2176"]
[BlackElo "1962"]
[PlyCount "50"]
[EventDate "2014.06.14"]
[EventType "swiss"]
[EventRounds "9"]
[EventCountry "HUN"]
[Source "lmi"]
[SourceDate "2014.06.14"]

1. Nf3 Nf6 2. c4 c5 3. g3 b6 4. Bg2 Bb7 5. O-O e6 6. b3 Be7 7. Bb2 O-O 8. e3 d6
9. d4 cxd4 10. exd4 Nbd7 11. Nc3 Ne4 12. Qc2 Nxc3 13. Bxc3 Qc7 14. Rac1 Rac8
15. Qe2 Nf6 16. Bb2 Rfe8 17. Nh4 Bxg2 18. Nxg2 Qb7 19. Rfe1 d5 20. a3 dxc4 21.
bxc4 Bf8 22. Qd3 Red8 23. h4 Nd7 24. Qe2 Re8 25. f4 Nf6 1/2-1/2

[Event "32. Balaton Festival 2014 - Open"]
[Site "Balatonboglár"]
[Date "2014.06.21"]
[Round "8.10"]
[White "Babits, Andras"]
[Black "Vitai, Tamas"]
[Result "1-0"]
[WhiteElo "2082"]
[BlackElo "1946"]
[PlyCount "99"]
[EventDate "2014.06.14"]
[EventType "swiss"]
[EventRounds "9"]
[EventCountry "HUN"]
[Source "lmi"]
[SourceDate "2014.06.14"]

1. e4 c5 2. b3 Nf6 3. Bc4 Nc6 4. Bb2 Nxe4 5. Bxf7+ Kxf7 6. Qh5+ g6 7. Qd5+ e6
8. Qxe4 Bg7 9. Bxg7 Kxg7 10. Nf3 Qf6 11. Nc3 d5 12. Qh4 Ne5 13. Qxf6+ Kxf6 14.
Nxe5 Kxe5 15. O-O-O Bd7 16. Rde1+ Kd6 17. f4 b5 18. d3 Rhf8 19. g3 Rf5 20. Nd1
h5 21. Ne3 Rf7 22. Ng2 Bc6 23. Nh4 Rf6 24. Re5 d4 25. Rhe1 Bd5 26. Kb2 a5 27.
a3 Rd8 28. Rg5 Rg8 29. Kc1 Rg7 30. Kd2 Rg8 31. Ke2 Ke7 32. Kf2 Kf7 33. Ree5 Rc8
34. Ke2 a4 35. bxa4 bxa4 36. Nf3 Bxf3+ 37. Kxf3 Rf5 38. Ke4 Kf6 39. h3 Rc6 40.
g4 hxg4 41. hxg4 Rxg5 42. Rxg5 Rc8 43. Re5 Rc7 44. f5 gxf5+ 45. gxf5 Rc6 46.
Kf4 exf5 47. Rxf5+ Ke7 48. Ke4 Re6+ 49. Kd5 Re2 50. Re5+ 1-0

[Event "32. Balaton Festival 2014 - Open"]
[Site "Balatonboglár"]
[Date "2014.06.21"]
[Round "8.13"]
[White "Rezsek, Gyozo"]
[Black "Jeszenszky, Jozsef"]
[Result "1-0"]
[WhiteElo "2016"]
[BlackElo "1958"]
[PlyCount "97"]
[EventDate "2014.06.14"]
[EventType "swiss"]
[EventRounds "9"]
[EventCountry "HUN"]
[Source "lmi"]
[SourceDate "2014.06.14"]

1. e4 e6 2. d3 d5 3. Nd2 c5 4. Ngf3 Nc6 5. g3 Nf6 6. Bg2 Be7 7. O-O O-O 8. e5
Nd7 9. Re1 Qc7 10. Qe2 b5 11. h4 b4 12. Nf1 a5 13. Bf4 Ba6 14. Ne3 a4 15. Nxd5
exd5 16. e6 Bd6 17. Bxd6 Qxd6 18. exd7 Qxd7 19. Ne5 Nxe5 20. Qxe5 Rad8 21. Rad1
Rfe8 22. Qxd5 Qxd5 23. Bxd5 Bb5 24. Rxe8+ Rxe8 25. Kf1 Re5 26. Bc4 Bd7 27. f4
Bg4 28. Re1 Rxe1+ 29. Kxe1 a3 30. bxa3 bxa3 31. Kd2 Kf8 32. Kc3 Ke7 33. Bb3 f6
34. Bg8 h6 35. Bb3 Kd6 36. Kc4 Be6+ 37. Kc3 Bg4 38. Kc4 Be6+ 39. Kb5 Bxb3 40.
cxb3 Kd5 41. b4 cxb4 42. Kxb4 Kd4 43. Kxa3 Kxd3 44. Kb4 Ke3 45. a4 Kf3 46. a5
Kxg3 47. a6 Kxh4 48. a7 h5 49. a8=Q 1-0